00596cam a22002051 450000100060000000300080000600500170001400800390003103500190007003500180008904000390010704100080014608200160015410000310017024500420020126000640024330000350030750000390034265000090038118514BD-RjUL20211209000309.0140220s1941 nyu 000 0 eng a(BD-RjUL)18572 a(OCoLC)925312 aDLCcPPTdOCoLCdDLCdBD-RjULbeng aeng a821.91bNOS1 aNoyes, Alfred,d1880-1958.10aShadows on the down and other poems / aNew York ;aToronto :bFrederick A. Stokes Company,cc1941. avii p., 1 l., 110 p. ;c21 cm. aAt head of title: By Alfred Noyes. aPoem